Blumen - Bilderquiz - Statistiken

Allgemein
  • Dieses Quiz wurde 6.151 mal gespielt
    5.735 seit der letzten Aktualisierung
  • Das Durchschnittsergebnis liegt bei 9 aus 16
Antwortstatistiken
Bildquiz Antwort % Korrekt
Rose
98%
Tulpe
95%
Sonnenblume
92%
Löwenzahn
90%
Gänseblümchen
71%
Narzisse
66%
Schneeglöckchen
61%
Distel
56%
Stiefmütterchen
55%
Weihnachtsstern
54%
Maiglöckchen
42%
Kamille
39%
Edelweiß
37%
Vergissmeinnicht
35%
Hyazinthe
28%
Enzian
26%
Keine übereinstimmenden Quizze gefunden
Verteilung der Resultate
Anzahl Personen mit jedem Resultat
Perzentil nach korrekt beantworteten Fragen
Ihre Resultats-Entwicklung
Sie haben dieses Quiz seit der letzten Aktualisierung nicht gespielt